[Event "Brest op"]
[Site "Brest"]
[Date "2012.04.07"]
[Round "2.12"]
[White "Berthou, Patrick"]
[Black "Croguennoc, Tanguy"]
[Result "1-0"]
[WhiteElo "1650"]
[BlackElo "1854"]
[PlyCount "60"]
[EventDate "2012.04.??"]
[EventType "swiss"]
[EventRounds "7"]
[EventCountry "FRA"]
[SourceTitle "EXT 2014"]
[Source "ChessBase"]
[SourceDate "2013.11.20"]
[SourceVersion "1"]
[SourceVersionDate "2013.11.20"]
[SourceQuality "1"]

1. d4 d5 2. c4 Nf6 3. cxd5 Qxd5 4. Nc3 Qa5 5. Qc2 Bf5 6. Qb3 Qb6 7. Qxb6 axb6 8. f3 e6 9. e4 Bg6 10. Bf4 Kd7 11. Bc4 Bb4 12. 0-0-0 Na6 13. Nge2 c6 14. d5 Ke7 15. dxe6 fxe6 16. a3 Bxc3 17. Nxc3 Rad8 18. Rxd8 Rxd8 19. e5 Rd4 20. exf6+ gxf6 21. Bxa6 bxa6 22. Be3 Rc4 23. Bxb6 e5 24. Rd1 Ke6 25. Kd2 c5 26. Ke3 f5 27. Rd8 f4+ 28. Kd2 Ke7 29. Rd5 Ke6 30. Bxc5 Rxc5 1-0

[Event "Bretagne-ch U16"]
[Site "Sarzeau"]
[Date "2006.02.22"]
[Round "2"]
[White "Aloe, Kevin"]
[Black "Croguennoc, Tanguy"]
[Result "0-1"]
[WhiteElo "1560"]
[BlackElo "1930"]
[PlyCount "90"]
[EventDate "2006.02.21"]
[EventType "swiss"]
[EventRounds "6"]
[EventCountry "FRA"]
[SourceTitle "EXT 2007"]
[Source "ChessBase"]
[SourceDate "2006.11.23"]
[SourceVersion "1"]
[SourceVersionDate "2006.11.23"]
[SourceQuality "1"]

1. e4 e6 2. d4 d5 3. exd5 exd5 4. Nf3 Bd6 5. c4 dxc4 6. Bxc4 Nf6 7. Ng5 0-0 8. Nxf7 Rxf7 9. Qb3 Qe7+ 10. Be3 Nc6 11. Bxf7+ Qxf7 12. Qxf7+ Kxf7 13. 0-0 Bf5 14. Nc3 a6 15. h3 Nb4 16. a3 Nbd5 17. Rae1 Nxc3 18. bxc3 Bxa3 19. f3 Bb2 20. c4 a5 21. Rf2 Bc3 22. Rc1 Bb4 23. c5 a4 24. Ra2 a3 25. g4 Be6 26. Raa1 a2 27. c6 b6 28. Bf4 Bb3 29. Bxc7 Nd5 30. Be5 Bc3 31. Rxc3 Nxc3 32. d5 Nxd5 33. Rd1 Bxd1 34. f4 a1Q 35. c7 Qxe5 36. fxe5 Nxc7 37. e6+ Nxe6 38. h4 Bxg4 39. Kh2 Ra3 40. Kg1 Ra2 41. Kf1 Kf6 42. Kg1 Kf5 43. Kf1 Kf4 44. Kg1 Kf3 45. Kh1 Kg3 0-1

[Event "FRA-chT3 0405"]
[Site "France"]
[Date "2005.04.04"]
[Round "7.6"]
[White "Croguennoc, Tanguy"]
[Black "Coent, Yann"]
[Result "1/2-1/2"]
[WhiteElo "1720"]
[BlackElo "1874"]
[PlyCount "106"]
[EventDate "2004.10.10"]
[EventType "team"]
[EventRounds "9"]
[EventCountry "FRA"]
[SourceTitle "EXT 2007"]
[Source "ChessBase"]
[SourceDate "2006.11.23"]
[SourceVersion "1"]
[SourceVersionDate "2006.11.23"]
[SourceQuality "1"]

1. Nf3 Nf6 2. g3 d5 3. Bg2 g6 4. 0-0 Bg7 5. d3 0-0 6. Nbd2 Nbd7 7. c4 c6 8. Rb1 Re8 9. b4 e5 10. e4 dxe4 11. Nxe4 Qc7 12. Bb2 b6 13. Re1 Bb7 14. Qc2 Nxe4 15. dxe4 c5 16. a3 Nf8 17. Rbd1 Ne6 18. Nd2 Nd4 19. Bxd4 exd4 20. bxc5 bxc5 21. Nb3 Re7 22. Rb1 Rae8 23. Nd2 f5 24. f4 fxe4 25. Nxe4 Bxe4 26. Bxe4 Qd6 27. Bd5+ Kh8 28. Rxe7 Qxe7 29. Qd2 Qe3+ 30. Qxe3 dxe3 31. Re1 Bd4 32. Re2 Rb8 33. Kg2 Rb3 34. a4 Ra3 35. Bc6 Kg7 36. Kf3 Rc3 37. Bd5 Kf6 38. g4 Ke7 39. h4 Rb3 40. Bc6 Rb6 41. Be4 Ra6 42. Bc2 Rf6 43. g5 Rf8 44. h5 gxh5 45. Bxh7 Rb8 46. Bc2 Rb4 47. f5 Rxc4 48. f6+ Kf8 49. f7 Rb4 50. g6 Rb6 51. Kf4 Rf6+ 52. Kg5 c4 53. Rxe3 Rxg6+ 1/2-1/2

[Event "FRA-chT3 0405"]
[Site "France"]
[Date "2005.02.06"]
[Round "5.5"]
[White "Le Carre, Claude"]
[Black "Croguennoc, Tanguy"]
[Result "0-1"]
[WhiteElo "1890"]
[BlackElo "1720"]
[PlyCount "144"]
[EventDate "2004.10.10"]
[EventType "team"]
[EventRounds "9"]
[EventCountry "FRA"]
[SourceTitle "EXT 2007"]
[Source "ChessBase"]
[SourceDate "2006.11.23"]
[SourceVersion "1"]
[SourceVersionDate "2006.11.23"]
[SourceQuality "1"]

1. d4 Nf6 2. c4 e6 3. Nf3 Bb4+ 4. Bd2 c5 5. dxc5 Bxc5 6. Nc3 Nc6 7. e3 0-0 8. a3 a6 9. Bd3 d5 10. b4 Ba7 11. c5 b5 12. cxb6 Bxb6 13. Na4 Bc7 14. Qc2 Ne5 15. Nxe5 Bxe5 16. Bc3 Bxc3+ 17. Qxc3 Bd7 18. Nc5 Rc8 19. Bxa6 Ne4 20. Qd4 Rxc5 21. bxc5 Qa5+ 22. Qb4 Qxa6 23. f3 Nf6 24. Kf2 Qa4 25. Qxa4 Bxa4 26. Rhc1 Nd7 27. Rab1 Ne5 28. Rc3 Rc8 29. Rb4 Be8 30. Rcb3 Kf8 31. a4 Rxc5 32. Rb8 Nd7 33. Ra8 Rc7 34. a5 Ke7 35. a6 Nc5 36. Ra3 Bc6 37. Rb8 Ra7 38. Rh8 h6 39. Rg8 g6 40. Rc3 Kd6 41. Rd8+ Nd7 42. g4 Rxa6 43. Rh8 Ne5 44. Rxh6 Nxf3 45. Rxc6+ Rxc6 46. Kxf3 Rc3 47. Ke2 Ke7 48. g5 Kf8 49. Rh4 Kg7 50. h3 Rc5 51. Rg4 Ra5 52. h4 Ra8 53. Rb4 f5 54. Rb7+ Kf8 55. Kf3 Ra4 56. Kg3 Rg4+ 57. Kh3 Re4 58. Rb3 f4 59. exf4 Rxf4 60. Kg3 e5 61. Re3 Rf5 62. Kg4 d4 63. Re1 d3 64. h5 Rf4+ 65. Kg3 gxh5 66. Rxe5 Rd4 67. Re1 Rg4+ 68. Kf3 Rxg5 69. Rd1 h4 70. Rh1 d2 71. Ke2 Rd5 72. Kd1 Rd4 0-1

[Event "FRA-chT3 0405"]
[Site "France"]
[Date "2004.12.05"]
[Round "3.5"]
[White "Kerebel, Regis"]
[Black "Croguennoc, Tanguy"]
[Result "1-0"]
[WhiteElo "1950"]
[BlackElo "1630"]
[PlyCount "37"]
[EventDate "2004.10.10"]
[EventType "team"]
[EventRounds "9"]
[EventCountry "FRA"]
[SourceTitle "EXT 2007"]
[Source "ChessBase"]
[SourceDate "2006.11.23"]
[SourceVersion "1"]
[SourceVersionDate "2006.11.23"]
[SourceQuality "1"]

1. e4 c5 2. Nf3 Nc6 3. d4 cxd4 4. Nxd4 g6 5. Nc3 Bg7 6. Be3 Nf6 7. f3 0-0 8. Qd2 d6 9. 0-0-0 Qa5 10. g4 Nxd4 11. Bxd4 Be6 12. Kb1 Rac8 13. h4 h5 14. g5 Ne8 15. Bxg7 Nxg7 16. Nd5 Qxd2 17. Nxe7+ Kh8 18. Rxd2 Rfe8 19. Nxc8 1-0